International construction costs 2017 (Record no. 116086)

MARC details
000 -LEADER
fixed length control field 01165cad a22002175a 4500
001 - CONTROL NUMBER
control field L159675
008 - FIXED-LENGTH DATA ELEMENTS--GENERAL INFORMATION
fixed length control field 120809e20170805xxk f 000 0 eng d
035 ## - SYSTEM CONTROL NUMBER
System control number (Sirsi) u159675
041 0# - LANGUAGE CODE
Language code of text/sound track or separate title eng
110 2# - MAIN ENTRY--CORPORATE NAME
Corporate name or jurisdiction name as entry element Arcadis
9 (RLIN) 6166
245 00 - TITLE STATEMENT
Title International construction costs 2017
Remainder of title cost certainty in an uncertain world
Medium [electronic resource]
260 ## - PUBLICATION, DISTRIBUTION, ETC.
Place of publication, distribution, etc. [S.l.]
Name of publisher, distributor, etc. Arcadis
Date of publication, distribution, etc. 2017
505 ## - FORMATTED CONTENTS NOTE
Formatted contents note Foreword -- City cost comparison -- Global construction market trends -- Regional construction market trends -- Conclusion -- Methodology -- Further reading -- Contact details
520 ## - SUMMARY, ETC.
Summary, etc. Details the relative cost of construction in 44 of the world?s major cities. The regional spotlights in the report identify some of the ways the changing costs have impacted these cities, and shares insights about how cost certainty through digitally enabled techniques can help this.
590 ## - LOCAL NOTE (RLIN)
Local note KA
650 24 - SUBJECT ADDED ENTRY--TOPICAL TERM
Topical term or geographic name entry element CONSTRUCTION COSTS
651 #4 - SUBJECT ADDED ENTRY--GEOGRAPHIC NAME
Geographic name International
690 ## - LOCAL SUBJECT ADDED ENTRY--TOPICAL TERM (OCLC, RLIN)
Topical term or geographic name as entry element Construction management
9 (RLIN) 6230
856 48 - ELECTRONIC LOCATION AND ACCESS
Uniform Resource Identifier <a href="https://www.arcadis.com/media/3/6/8/%7B368131AD-E31B-4552-821B-1F66DC62F805%7DICC%202017_FINAL_singles.pdf">https://www.arcadis.com/media/3/6/8/%7B368131AD-E31B-4552-821B-1F66DC62F805%7DICC%202017_FINAL_singles.pdf</a>
Public note View the report at www.arcadis.com
942 ## - ADDED ENTRY ELEMENTS (KOHA)
Suppress in OPAC 0
Holdings
Withdrawn status Lost status Source of classification or shelving scheme Damaged status Not for loan Home library Current library Shelving location Date acquired Total Checkouts Full call number Barcode Date last seen Copy number Price effective from Koha item type
    Dewey Decimal Classification     Virtual Virtual Online 08/12/2017   ONLINE PUBLICATION 159675-2001 06/08/2019 1 06/08/2019 Book